Dreamweaver 4 virtual classroom

Bibliographic Details
Main Author: Fullar, Robert
Other Authors: Ulrich, Laurie Ann
Format: Book
Language:English
Published: New York : Osborne/McGraw-Hill , c2001
Subjects:

MARC

LEADER 00000cam a2200000 7i4500
001 0000010877
005 20230726.0
008 030812 nyu eng
020 |a 007213108x (pbk) 
040 |a INS 
090 0 0 |a TK5105.8885.D74   |b F85 2001 
100 1 |a Fullar, Robert 
245 1 0 |a Dreamweaver 4 virtual classroom   |c Robert Fuller and Laurie Ann Ulrich 
260 |a New York :   |b Osborne/McGraw-Hill ,   |c c2001 
300 |a xxxi, 350 p. :   |b ill. ;   |c 26 cm. +.   |e 1 computer optical disc (4 3/4 in.) 
500 |a Includes index 
630 0 0 |a Dreamweaver (Computer file) 
650 0 |a Web sites   |x Authoring programs 
650 0 |a Web sites   |x Design   |v Problems, exercises, etc. 
700 1 |a Ulrich, Laurie Ann 
999 |a 0000010349   |b BOOK   |c Open Shelf   |e Default branch